000 00954nam a2200277 a 4500
001 BRCA_7492
005 20190320205846.0
008 260413s1949----sp-a######---#000-0#spa-#
041 _aspa
044 _asp
050 4 _aN7113.C3
_b.M37 1949
100 1 _aMartínez Chumillas, Manuel
_918446
245 1 0 _aAlonso Cano
_bestudio monográfico de la obra del Insigne Racionero que fue de la Catedral de Granada
_cpor Manuel Martínez Chumillas.
260 _aMadrid
_bCarlos-Jaime
_c1948
300 _a466 p.
_bil. (algunas a color), 296 láminas
_c30 cm.
500 _aIncluye índice de obras de pinturas, de arquitectura y de escultura
500 _aR22
504 _aBibliografía p. 443-445
600 1 4 _aCano, Alonso
_d1601-1667
_99388
650 1 4 _aArtistas españoles
_918447
650 1 4 _aPintores españoles
_97620
650 1 4 _aEscultores españoles
_98024
650 1 4 _aArquitectos españoles
_918448
902 _aGFM
942 _2lcc
_cB
999 _c7167
_d7167